000 00693nam a22002057a 4500
003 UA-OsUOA
001 12201
007 ta
008 20050510b un ||||| |||| 00| 0 ukr d
100 _aБілоус Олена
942 _cSA
040 _aUA-OsUOA
_bukr
_cUA-OsUOA
_dUA-OsUOA
245 _aФінансові та грошово-кредитні чинники інвестиційно-інноваційного розвитку малого та середнього бізнесу
300 _aС.74-82
955 _a0
041 _aukr
044 _aUA
773 0 _w0
_tБанківська справа
_dК.
_d2005
_gN1
650 7 _aЕкономіка підприємств
_2UDC
999 _c298362
_d298362